[Event "Central London Open"]
[Site "London"]
[Date "2022.11.05"]
[Round "3.13"]
[White "Kansara, Jash"]
[Black "Dishman, Matthew"]
[Result "0-1"]
[WhiteElo "1207"]
[BlackElo "1914"]
[PlyCount "77"]
[EventDate "2022.11.04"]
[EventType "swiss"]
[EventRounds "5"]
[EventCountry "ENG"]
[SourceTitle "BritBase"]
[Source "John Saunders"]
[SourceDate "2023.06.01"]
[SourceVersion "1"]
[SourceVersionDate "2023.06.01"]
[SourceQuality "1"]

1. b3 e5 2. Bb2 Nc6 3. e3 Nf6 4. a3 d5 5. Bb5 Bd6 6. c4 O-O 7. cxd5 Nxd5 8. Qf3
Be6 9. Bxc6 bxc6 10. d4 e4 11. Qxe4 Re8 12. Nd2 Nf4 13. d5 Bxd5 14. Qf5 Nxg2+
15. Kd1 Nxe3+ 16. fxe3 Bxh1 17. Nh3 f6 18. Kc2 Bd5 19. Nf2 Qe7 20. Rg1 Be5 21.
Ng4 Bxb2 22. Kxb2 Kh8 23. Rg3 Be6 24. Qh5 Bxg4 25. Qxg4 g6 26. Rh3 Qg7 27. Ka2
Rad8 28. Nf1 f5 29. Qc4 Rd1 30. b4 Red8 31. Kb3 Qg8 32. Qxg8+ Kxg8 33. Rf3 Kg7
34. Ng3 R8d3+ 35. Kc2 R1d2+ 36. Kc1 Rxh2 37. Nf1 Rg2 38. a4 Ra3 39. a5 0-1

[Event "Central London Open"]
[Site "London"]
[Date "2022.11.05"]
[Round "3.14"]
[White "Bastianello, Federico"]
[Black "Jiping, Li"]
[Result "1/2-1/2"]
[WhiteElo "1664"]
[BlackElo "1658"]
[PlyCount "44"]
[EventDate "2022.11.04"]
[EventType "swiss"]
[EventRounds "5"]
[EventCountry "ENG"]
[SourceTitle "BritBase"]
[Source "John Saunders"]
[SourceDate "2023.06.01"]
[SourceVersion "1"]
[SourceVersionDate "2023.06.01"]
[SourceQuality "1"]

1. b4 a5 2. b5 c6 3. e3 d5 4. c4 e5 5. Bb2 f6 6. cxd5 cxd5 7. a4 Bb4 8. Bc3
Bxc3 9. dxc3 Be6 10. Nf3 Nd7 11. Be2 Ne7 12. O-O O-O 13. Nbd2 Rc8 14. Qb3 Qb6
15. Qa3 Nf5 16. e4 dxe4 17. Nxe4 Ne3 18. Rfc1 f5 19. Ned2 Ng4 20. Rf1 Ne3 21.
Rfc1 Ng4 22. Rf1 Ne3 1/2-1/2

[Event "Central London Open"]
[Site "London"]
[Date "2022.11.05"]
[Round "3.15"]
[White "Barbero, Federico"]
[Black "Rahman, Faraz"]
[Result "1-0"]
[WhiteElo "1410"]
[BlackElo "1356"]
[PlyCount "47"]
[EventDate "2022.11.04"]
[EventType "swiss"]
[EventRounds "5"]
[EventCountry "ENG"]
[SourceTitle "BritBase"]
[Source "John Saunders"]
[SourceDate "2023.06.01"]
[SourceVersion "1"]
[SourceVersionDate "2023.06.01"]
[SourceQuality "1"]

1. d4 d5 2. c4 e6 3. cxd5 exd5 4. Nc3 Nf6 5. Nf3 Bf5 6. Bg5 Be7 7. Bxf6 Bxf6 8.
Qb3 Bc8 9. Nxd5 O-O 10. e3 b6 11. Rc1 c6 12. Nxf6+ Qxf6 13. Be2 Be6 14. Qa3 Qg6
15. Rg1 Bd5 16. Qe7 c5 17. dxc5 Nc6 18. Qd6 Qe4 19. Nd2 Qf5 20. g4 Qg5 21. h4
Qxh4 22. Qxd5 Nb4 23. Qe4 a5 24. Rh1 1-0

[Event "Central London Open"]
[Site "London"]
[Date "2022.11.06"]
[Round "4.1"]
[White "Onslow, Alfie"]
[Black "Radovanovic, Jovica"]
[Result "0-1"]
[WhiteElo "2115"]
[BlackElo "2313"]
[PlyCount "106"]
[EventDate "2022.11.04"]
[EventType "swiss"]
[EventRounds "5"]
[EventCountry "ENG"]
[SourceTitle "BritBase"]
[Source "John Saunders"]
[SourceDate "2023.06.01"]
[SourceVersion "1"]
[SourceVersionDate "2023.06.01"]
[SourceQuality "1"]

1. e4 c5 2. Nf3 d6 3. d4 cxd4 4. Nxd4 Nf6 5. Nc3 Nc6 6. Bg5 e6 7. Qd2 Be7 8.
O-O-O Nxd4 9. Qxd4 O-O 10. f4 Qa5 11. Be2 h6 12. Bh4 e5 13. Qd3 exf4 14. Be1
Qe5 15. Bd2 Be6 16. Rdf1 Rac8 17. Bxf4 Qa5 18. Qb5 Qc7 19. Qd3 a6 20. g4 Qa5
21. a3 Rxc3 22. Qxc3 Qxc3 23. bxc3 Nxe4 24. Bf3 d5 25. Kb2 Rc8 26. Bxe4 dxe4
27. Be5 f6 28. Bd4 Bxg4 29. Rhg1 Bf3 30. Rg6 Kf7 31. Rfg1 Bf8 32. a4 Rd8 33.
R6g3 Rd5 34. Rb1 Bd6 35. Rh3 h5 36. Ka2 b5 37. axb5 axb5 38. Kb3 g5 39. Rf1 g4
40. Rh4 Kg6 41. Bf2 f5 42. Ra1 f4 43. c4 bxc4+ 44. Kxc4 e3 45. Be1 Rd1 46. Rxd1
Bxd1 47. Kd3 Kg5 48. c4 Bc5 49. h3 g3 50. Bxg3 fxg3 51. Re4 g2 52. Re8 Kh4 53.
Rg8 Kxh3 0-1

[Event "Central London Open"]
[Site "London"]
[Date "2022.11.06"]
[Round "4.2"]
[White "Tozer, Philip A A"]
[Black "Buckley, Graeme N"]
[Result "0-1"]
[WhiteElo "2082"]
[BlackElo "2333"]
[PlyCount "152"]
[EventDate "2022.11.04"]
[EventType "swiss"]
[EventRounds "5"]
[EventCountry "ENG"]
[SourceTitle "BritBase"]
[Source "John Saunders"]
[SourceDate "2023.06.01"]
[SourceVersion "1"]
[SourceVersionDate "2023.06.01"]
[SourceQuality "1"]

1. c4 e6 2. g3 Nf6 3. Bg2 d5 4. Nf3 c5 5. O-O Nc6 6. b3 Be7 7. Bb2 O-O 8. e3
Re8 9. cxd5 exd5 10. d4 Bg4 11. Nc3 cxd4 12. exd4 Qd7 13. Qd2 Ne4 14. Nxe4 dxe4
15. Ng5 f5 16. f3 exf3 17. Nxf3 Bf6 18. Rad1 Rad8 19. d5 Qf7 20. h3 Bxf3 21.
Bxf3 Bxb2 22. Qxb2 Ne5 23. Bg2 Qg6 24. Qf2 Rf8 25. Qf4 Qd6 26. Rfe1 Rde8 27.
Re2 h6 28. Qd4 Re7 29. Rf2 b6 30. Rdf1 Ref7 31. Re2 Ng6 32. Rf3 Rf6 33. Rc2 Ne7
34. Qf4 Qxd5 35. Rf1 Qd8 36. Rc7 a5 37. Qc4+ Kh8 38. Bf3 Rg6 39. Rd1 Rd6 40.
Rxd6 Qxd6 41. Kg2 Kh7 42. Qc2 Rf6 43. Rb7 Nd5 44. Qd2 Nb4 45. Rd7 Qxd2+ 46.
Rxd2 Kg6 47. g4 fxg4 48. hxg4 Re6 49. Kg3 Kf6 50. a3 Na6 51. Rd5 Ke7 52. Kf2
Nc7 53. Rd3 Rd6 54. Rc3 Ne6 55. Ke3 Kf6 56. Rc6 Rxc6 57. Bxc6 Ke5 58. b4 Nd4
59. Be4 Nb5 60. bxa5 bxa5 61. a4 Nd4 62. Bg6 Ne6 63. Be8 Nc7 64. Bg6 Nd5+ 65.
Kf3 Kf6 66. Be8 Ke5 67. Bg6 Kd4 68. Be8 Kc5 69. Bb5 g5 70. Be8 Kb4 71. Bc6 Nc3
72. Be8 Nxa4 73. Ke4 Nb2 74. Kf5 Nd3 75. Kg6 Nf2 76. Kxh6 Nh3 0-1

[Event "Central London Open"]
[Site "London"]
[Date "2022.11.06"]
[Round "4.3"]
[White "Hill, Alistair"]
[Black "Farrand, Tom"]
[Result "1/2-1/2"]
[WhiteElo "2171"]
[BlackElo "2137"]
[PlyCount "46"]
[EventDate "2022.11.04"]
[EventType "swiss"]
[EventRounds "5"]
[EventCountry "ENG"]
[SourceTitle "BritBase"]
[Source "John Saunders"]
[SourceDate "2023.06.01"]
[SourceVersion "1"]
[SourceVersionDate "2023.06.01"]
[SourceQuality "1"]

1. d4 f5 2. g3 Nf6 3. Bg2 e6 4. Nf3 Be7 5. O-O O-O 6. c4 d6 7. Nc3 Ne4 8. a4
Nc6 9. a5 Bf6 10. Be3 Nxc3 11. bxc3 Qe7 12. a6 b6 13. Ne1 Bd7 14. Nc2 Rae8 15.
Na3 Na5 16. Bc1 c5 17. e3 Bc8 18. Nb5 Nxc4 19. Qd3 d5 20. Bd2 Qd7 21. Rfb1 Be7
22. dxc5 Bxc5 23. Bc1 h6 1/2-1/2

[Event "Central London Open"]
[Site "London"]
[Date "2022.11.06"]
[Round "4.4"]
[White "Wells, Tony D"]
[Black "Chan, Kim Yew"]
[Result "0-1"]
[WhiteElo "1835"]
[BlackElo "2312"]
[PlyCount "48"]
[EventDate "2022.11.04"]
[EventType "swiss"]
[EventRounds "5"]
[EventCountry "ENG"]
[SourceTitle "BritBase"]
[Source "John Saunders"]
[SourceDate "2023.06.01"]
[SourceVersion "1"]
[SourceVersionDate "2023.06.01"]
[SourceQuality "1"]

1. e4 c5 2. Nf3 e6 3. d4 cxd4 4. Nxd4 Nc6 5. Be3 Nf6 6. Nd2 d5 7. Nxc6 bxc6 8.
e5 Nd7 9. Nb3 Nxe5 10. Qd4 Nd7 11. Qa4 Qc7 12. c4 Bd6 13. cxd5 cxd5 14. Rc1 Qd8
15. Bb5 O-O 16. Rxc8 Rxc8 17. Bxd7 Rc4 18. Qb5 a6 19. Qxa6 Qxd7 20. a3 Rb8 21.
Na5 Ra4 22. b4 Rxa3 23. O-O Bxb4 24. Rb1 Qd6 0-1

[Event "Central London Open"]
[Site "London"]
[Date "2022.11.06"]
[Round "4.5"]
[White "Lalic, Peter D"]
[Black "Iyengar, Ilya"]
[Result "1/2-1/2"]
[WhiteElo "2197"]
[BlackElo "1979"]
[PlyCount "37"]
[EventDate "2022.11.04"]
[EventType "swiss"]
[EventRounds "5"]
[EventCountry "ENG"]
[SourceTitle "BritBase"]
[Source "John Saunders"]
[SourceDate "2023.06.01"]
[SourceVersion "1"]
[SourceVersionDate "2023.06.01"]
[SourceQuality "1"]

1. Nc3 d5 2. e4 d4 3. Nb1 e5 4. Bc4 Nf6 5. d3 Bd6 6. Ne2 c5 7. O-O O-O 8. f4
exf4 9. Nxf4 Qc7 10. h3 Nc6 11. Nh5 Nxh5 12. Qxh5 Ne5 13. Nd2 Be6 14. b3 Bxc4
15. Nxc4 Nxc4 16. bxc4 Rae8 17. Bd2 Re6 18. Rf3 Be5 19. Raf1 1/2-1/2

[Event "Central London Open"]
[Site "London"]
[Date "2022.11.06"]
[Round "4.6"]
[White "Wilks, Simon"]
[Black "Alldritt, Nigel R E"]
[Result "1-0"]
[WhiteElo "2061"]
[BlackElo "2014"]
[PlyCount "65"]
[EventDate "2022.11.04"]
[EventType "swiss"]
[EventRounds "5"]
[EventCountry "ENG"]
[SourceTitle "BritBase"]
[Source "John Saunders"]
[SourceDate "2023.06.01"]
[SourceVersion "1"]
[SourceVersionDate "2023.06.01"]
[SourceQuality "1"]

1. e4 e6 2. d4 d5 3. Nc3 Bb4 4. e5 c5 5. a3 Bxc3+ 6. bxc3 Ne7 7. Qg4 O-O 8. Bd3
f5 9. exf6 Rxf6 10. Bg5 Rf7 11. Qh5 g6 12. Qd1 Qa5 13. Bd2 c4 14. Be2 Nd7 15.
Nf3 Nf6 16. Ne5 Rf8 17. Bf3 Nc6 18. Qe2 Nxe5 19. Qxe5 Bd7 20. O-O Rf7 21. Rfb1
Qa6 22. h4 Ba4 23. Ra2 Raf8 24. Bh6 Re8 25. h5 Nxh5 26. Bxh5 gxh5 27. Re1 Ree7
28. Re3 Rf5 29. Rg3+ Kf7 30. Rg7+ Ke8 31. Qb8+ Kd7 32. Rg8 Qb6 33. Rb2 1-0

[Event "Central London Open"]
[Site "London"]
[Date "2022.11.06"]
[Round "4.7"]
[White "Chauhan, Pranay"]
[Black "Bonn, Thomas"]
[Result "0-1"]
[WhiteElo "1923"]
[BlackElo "2189"]
[PlyCount "98"]
[EventDate "2022.11.04"]
[EventType "swiss"]
[EventRounds "5"]
[EventCountry "ENG"]
[SourceTitle "BritBase"]
[Source "John Saunders"]
[SourceDate "2023.06.01"]
[SourceVersion "1"]
[SourceVersionDate "2023.06.01"]
[SourceQuality "1"]

1. Nf3 Nf6 2. g3 g6 3. d4 Bg7 4. c4 O-O 5. Bg2 d5 6. cxd5 Nxd5 7. O-O Nc6 8.
Nc3 Nb6 9. d5 Na5 10. Qc2 e6 11. dxe6 Bxe6 12. Rd1 Qe7 13. Bf4 Qc5 14. Be3 Qb4
15. Bd4 Bf5 16. e4 Bg4 17. Bxg7 Kxg7 18. h3 Bxf3 19. Bxf3 Nc6 20. Ne2 Rad8 21.
Rac1 a5 22. Bg2 a4 23. Kh2 Rfe8 24. Nf4 Rxd1 25. Rxd1 Qc4 26. Qxc4 Nxc4 27. Rd7
Re7 28. Rxe7 Nxe7 29. Nd3 Nc6 30. e5 N6xe5 31. Nxe5 Nxe5 32. Bxb7 Nd3 33. b3 a3
34. Be4 Nxf2 35. Bc2 f5 36. Kg2 Ne4 37. b4 Kf6 38. h4 Ke5 39. Kf3 h6 40. Ke3
Nxg3 41. Bb3 g5 42. hxg5 hxg5 43. Bc2 g4 44. b5 f4+ 45. Kd3 Ne4 46. Kc4 g3 47.
Bxe4 Kxe4 48. Kc5 g2 49. Kc6 g1=Q 0-1

[Event "Central London Open"]
[Site "London"]
[Date "2022.11.06"]
[Round "4.8"]
[White "Rogers, Tim L"]
[Black "Lundback, Anders"]
[Result "0-1"]
[WhiteElo "2019"]
[BlackElo "1811"]
[PlyCount "74"]
[EventDate "2022.11.04"]
[EventType "swiss"]
[EventRounds "5"]
[EventCountry "ENG"]
[SourceTitle "BritBase"]
[Source "John Saunders"]
[SourceDate "2023.06.01"]
[SourceVersion "1"]
[SourceVersionDate "2023.06.01"]
[SourceQuality "1"]

1. e4 c6 2. Nc3 d5 3. Nf3 Bg4 4. Be2 e6 5. d4 dxe4 6. Nxe4 Nf6 7. Nxf6+ gxf6 8.
Bf4 Nd7 9. h3 Bh5 10. Qd2 Nb6 11. O-O Qd5 12. Rac1 Rg8 13. Kh1 Rd8 14. c4 Qe4
15. Bd3 Qxf3 16. Bg3 Rxg3 17. fxg3 Qxg3 18. c5 Nd5 19. Bxh7 Ne3 20. Rxf6 Rxd4
21. Qf2 Qe5 22. g4 Bxg4 23. Rxf7 Qd5+ 24. Kg1 Bxc5 25. Rxc5 Rd1+ 26. Kh2 Qxc5
27. Bg6 Qe5+ 28. Qf4 Rd2+ 29. Kg3 Rg2+ 30. Kh4 Qxf4 31. Rxf4+ Ke7 32. hxg4 Rxb2
33. Re4 Ng2+ 34. Kg3 Kf6 35. Bh5 Rxa2 36. g5+ Kxg5 37. Bf3 Kf5 0-1

[Event "Central London Open"]
[Site "London"]
[Date "2022.11.06"]
[Round "4.9"]
[White "Dishman, Matthew"]
[Black "Briggs, John Nicholas"]
[Result "0-1"]
[WhiteElo "1914"]
[BlackElo "2010"]
[PlyCount "82"]
[EventDate "2022.11.04"]
[EventType "swiss"]
[EventRounds "5"]
[EventCountry "ENG"]
[SourceTitle "BritBase"]
[Source "John Saunders"]
[SourceDate "2023.06.01"]
[SourceVersion "1"]
[SourceVersionDate "2023.06.01"]
[SourceQuality "1"]

1. e4 c6 2. d4 d5 3. Nc3 dxe4 4. Nxe4 Nf6 5. Nxf6+ exf6 6. c3 Be6 7. Bd3 Bd6 8.
Ne2 Qc7 9. Ng3 Nd7 10. Be3 g6 11. Qc2 f5 12. Bh6 O-O-O 13. O-O-O c5 14. Kb1 c4
15. Be2 Bd5 16. Bf3 Nb6 17. Bxd5 Nxd5 18. Rde1 Rde8 19. Qa4 Qc6 20. Qxc6+ bxc6
21. Bc1 Kd7 22. Kc2 a5 23. Kd1 a4 24. Rxe8 Rxe8 25. Re1 Rxe1+ 26. Kxe1 Bxg3 27.
hxg3 Ke6 28. Kd1 f6 29. Kc2 Nb6 30. b3 axb3+ 31. axb3 Kd5 32. Bh6 g5 33. Bf8 h5
34. Be7 Nd7 35. bxc4+ Kxc4 36. Kd2 g4 37. Bd8 f4 38. Bc7 fxg3 39. Bxg3 Nb6 40.
Bc7 Nd5 41. f3 Nxc7 0-1

[Event "Central London Open"]
[Site "London"]
[Date "2022.11.06"]
[Round "4.10"]
[White "Barbero, Federico"]
[Black "Xaxiris, E."]
[Result "0-1"]
[WhiteElo "1410"]
[BlackElo "1979"]
[PlyCount "82"]
[EventDate "2022.11.04"]
[EventType "swiss"]
[EventRounds "5"]
[EventCountry "ENG"]
[SourceTitle "BritBase"]
[Source "John Saunders"]
[SourceDate "2023.06.01"]
[SourceVersion "1"]
[SourceVersionDate "2023.06.01"]
[SourceQuality "1"]

1. d4 Nf6 2. c4 e6 3. Nc3 c5 4. e3 Nc6 5. d5 exd5 6. cxd5 Ne7 7. e4 d6 8. Bg5
a6 9. Nf3 Ng6 10. Bd3 Be7 11. O-O O-O 12. Bd2 b5 13. a3 Nd7 14. Ne2 Bf6 15. Rb1
Re8 16. Re1 h5 17. Nf4 Nde5 18. Nxe5 Nxe5 19. Bc3 g6 20. Bf1 c4 21. f3 Bg5 22.
g3 h4 23. Bxe5 dxe5 24. Nh3 hxg3 25. hxg3 Qb6+ 26. Nf2 Be3 27. Qe2 Bd4 28. Bg2
Kg7 29. Kf1 Rh8 30. Nd1 Rh2 31. g4 Bd7 32. Ne3 Qf6 33. Qf2 Qf4 34. Qg1 Bxg4 35.
Nxg4 Bxg1 36. Kxg1 Rh4 37. d6 f5 38. exf5 gxf5 39. Nxe5 Qd4+ 40. Kf1 Qxd6 41.
Rbd1 Rd4 0-1

[Event "Central London Open"]
[Site "London"]
[Date "2022.11.06"]
[Round "4.11"]
[White "Grigoryan, Meri"]
[Black "Voecks, Ryan"]
[Result "1-0"]
[WhiteElo "1990"]
[BlackElo "1510"]
[PlyCount "99"]
[EventDate "2022.11.04"]
[EventType "swiss"]
[EventRounds "5"]
[EventCountry "ENG"]
[SourceTitle "BritBase"]
[Source "John Saunders"]
[SourceDate "2023.06.01"]
[SourceVersion "1"]
[SourceVersionDate "2023.06.01"]
[SourceQuality "1"]

1. d4 Nf6 2. Nf3 d5 3. Bf4 c5 4. dxc5 e6 5. b4 a5 6. Bxb8 Rxb8 7. c3 Bd7 8. a3
b6 9. cxb6 Qxb6 10. e3 Bd6 11. Bd3 Qc7 12. h3 O-O 13. O-O e5 14. Bc2 h6 15. Qd2
Qc8 16. Nh2 e4 17. f4 Qc4 18. Bd1 Rfc8 19. Be2 Qc6 20. Rd1 Bc7 21. Nf1 Bb6 22.
Ra2 Ra8 23. b5 Qe6 24. a4 Ra7 25. Rc2 Rac7 26. Qc1 Ne8 27. Rcd2 Nf6 28. Qb2 Qe7
29. Rc2 Be6 30. Kh2 Rc5 31. Rdc1 Ne8 32. Nbd2 Nd6 33. Nb3 R5c7 34. Nd4 Bxd4 35.
cxd4 Nc4 36. Bxc4 dxc4 37. Rc3 Qb4 38. Qc2 Bd5 39. Nd2 f5 40. Rb1 Qd6 41. b6 g5
42. bxc7 gxf4 43. exf4 Qxf4+ 44. Rg3+ Kf7 45. Rf1 Qxc7 46. Rxf5+ Ke6 47. Rxd5
Kxd5 48. Qxe4+ Kd6 49. Qe5+ Kd7 50. Rg7+ 1-0

[Event "Central London Open"]
[Site "London"]
[Date "2022.11.06"]
[Round "4.12"]
[White "Millward, Kevin P"]
[Black "Todd, Jamie"]
[Result "1-0"]
[WhiteElo "1928"]
[BlackElo "1678"]
[PlyCount "79"]
[EventDate "2022.11.04"]
[EventType "swiss"]
[EventRounds "5"]
[EventCountry "ENG"]
[SourceTitle "BritBase"]
[Source "John Saunders"]
[SourceDate "2023.06.01"]
[SourceVersion "1"]
[SourceVersionDate "2023.06.01"]
[SourceQuality "1"]

1. d4 d5 2. Nc3 Nf6 3. Bf4 e6 4. e3 c5 5. Nb5 Na6 6. c3 Be7 7. a4 O-O 8. dxc5
Bxc5 9. Bd3 Bd7 10. Nf3 Bxb5 11. Bxb5 Nc7 12. Bd3 Bd6 13. O-O Re8 14. Ne5 Qe7
15. Bc2 Nd7 16. Qd3 f5 17. Nf3 e5 18. Bg5 Qe6 19. Qxf5 e4 20. Nd4 Qe5 21. Qxe5
Bxe5 22. Ne2 Ne6 23. Bh4 Nb6 24. Rfd1 g5 25. Bg3 Bxg3 26. Nxg3 Rad8 27. Ne2 Kf7
28. b3 a5 29. b4 Nc4 30. Bb3 Nc7 31. Bxc4 dxc4 32. bxa5 Ke6 33. Rab1 Na6 34.
Rd4 Nc5 35. Rxc4 Kd5 36. Rd4+ Ke5 37. Rb5 Rc8 38. Ng3 Kf6 39. Rc4 Re5 40. Rbxc5
1-0

[Event "Central London Open"]
[Site "London"]
[Date "2022.11.06"]
[Round "4.13"]
[White "Bastianello, Federico"]
[Black "Khovanskiy, Maxim"]
[Result "1-0"]
[WhiteElo "1664"]
[BlackElo "1911"]
[PlyCount "67"]
[EventDate "2022.11.04"]
[EventType "swiss"]
[EventRounds "5"]
[EventCountry "ENG"]
[SourceTitle "BritBase"]
[Source "John Saunders"]
[SourceDate "2023.06.01"]
[SourceVersion "1"]
[SourceVersionDate "2023.06.01"]
[SourceQuality "1"]

1. b4 e5 2. Bb2 Bxb4 3. Bxe5 Nf6 4. Nf3 O-O 5. e3 Nc6 6. Bb2 d5 7. Be2 Bf5 8.
O-O a6 9. d3 Qe7 10. Nbd2 Rfe8 11. Bxf6 Qxf6 12. c4 Be6 13. d4 b6 14. Qa4 Bg4
15. cxd5 Bxd2 16. Qxc6 Qxc6 17. dxc6 Ba5 18. Bc4 Re7 19. Ne5 Bf5 20. g4 Bc8 21.
a4 Kf8 22. h3 f6 23. Nd3 h5 24. Nf4 hxg4 25. Ng6+ Ke8 26. Nxe7 Kxe7 27. hxg4
Bxg4 28. f3 Bh3 29. Rf2 Kd6 30. Rb2 Bf5 31. e4 Be6 32. d5 Bg8 33. Rc1 Bd2 34.
Rxd2 1-0

[Event "Central London Open"]
[Site "London"]
[Date "2022.11.06"]
[Round "4.14"]
[White "Folliard, James"]
[Black "Kansara, Jash"]
[Result "1-0"]
[WhiteElo "1687"]
[BlackElo "1207"]
[PlyCount "111"]
[EventDate "2022.11.04"]
[EventType "swiss"]
[EventRounds "5"]
[EventCountry "ENG"]
[SourceTitle "BritBase"]
[Source "John Saunders"]
[SourceDate "2023.06.01"]
[SourceVersion "1"]
[SourceVersionDate "2023.06.01"]
[SourceQuality "1"]

1. e4 e6 2. Nf3 d5 3. Nc3 Bb4 4. e5 Ne7 5. a3 Ba5 6. d4 O-O 7. b4 Bb6 8. Bg5
Re8 9. Na4 Nd7 10. c4 dxc4 11. Bxc4 c6 12. Qe2 a5 13. O-O Bc7 14. Qe4 Nf8 15.
Nc5 b6 16. Nd3 Bb7 17. Qg4 Qc8 18. h4 Nf5 19. Nd2 Bd8 20. Ne4 Bxg5 21. Qxg5 Kh8
22. Nf4 Qd8 23. Qxd8 Rexd8 24. Rad1 axb4 25. axb4 Nxh4 26. Nd6 Rd7 27. g4 Ra4
28. Ra1 b5 29. Rxa4 bxa4 30. Be2 f6 31. Ra1 fxe5 32. dxe5 Nhg6 33. Nd3 Rc7 34.
Rxa4 Bc8 35. Ra8 Ne7 36. f4 g6 37. Nc5 Kg8 38. Bc4 Nd5 39. Bxd5 cxd5 40. Rxc8
Rxc8 41. Nxc8 Kf7 42. Nd6+ Ke7 43. b5 Kd8 44. b6 Nd7 45. Nxe6+ Ke7 46. Nc7 Nxb6
47. Kf2 Kd7 48. Ncb5 Ke6 49. Ke3 g5 50. Nd4+ Ke7 51. f5 Nd7 52. Nf3 h6 53. Kd4
Nb6 54. Kc5 Nc4 55. Nxc4 dxc4 56. Kxc4 1-0

[Event "Central London Open"]
[Site "London"]
[Date "2022.11.06"]
[Round "5.1"]
[White "Buckley, Graeme N"]
[Black "Radovanovic, Jovica"]
[Result "1-0"]
[WhiteElo "2333"]
[BlackElo "2313"]
[PlyCount "93"]
[EventDate "2022.11.04"]
[EventType "swiss"]
[EventRounds "5"]
[EventCountry "ENG"]
[SourceTitle "BritBase"]
[Source "John Saunders"]
[SourceDate "2023.06.01"]
[SourceVersion "1"]
[SourceVersionDate "2023.06.01"]
[SourceQuality "1"]

1. e4 c5 2. Nf3 d6 3. Bb5+ Bd7 4. Bxd7+ Qxd7 5. c4 Nf6 6. Nc3 g6 7. d4 cxd4 8.
Nxd4 Bg7 9. f3 O-O 10. Be3 Rc8 11. b3 e6 12. Qd2 Nc6 13. O-O d5 14. Nxc6 bxc6
15. Rad1 Qe7 16. e5 Nd7 17. f4 Rd8 18. Qe2 f6 19. exf6 Qxf6 20. Rd3 Nb6 21.
Rfd1 h5 22. Bd4 Qf5 23. Bxg7 Kxg7 24. Ne4 Rf8 25. Nc5 Rae8 26. Re3 e5 27. Rxe5
Rxe5 28. Qxe5+ Qxe5 29. fxe5 Rf5 30. Ne6+ Kh6 31. Nd4 Rxe5 32. Nxc6 Re6 33. Nd4
Re3 34. c5 Nc8 35. Kf2 Rc3 36. Ne6 Rc2+ 37. Ke3 Rxg2 38. Rxd5 Ne7 39. Rd7 Nc6
40. h4 Rg3+ 41. Kf2 Ne5 42. Kxg3 Nxd7 43. b4 g5 44. Nxg5 Kg6 45. Kf4 Kf6 46.
Ke4 Ke7 47. Kd5 1-0

[Event "Central London Open"]
[Site "London"]
[Date "2022.11.06"]
[Round "5.2"]
[White "Chan, Kim Yew"]
[Black "Hill, Alistair"]
[Result "1/2-1/2"]
[WhiteElo "2312"]
[BlackElo "2171"]
[PlyCount "93"]
[EventDate "2022.11.04"]
[EventType "swiss"]
[EventRounds "5"]
[EventCountry "ENG"]
[SourceTitle "BritBase"]
[Source "John Saunders"]
[SourceDate "2023.06.01"]
[SourceVersion "1"]
[SourceVersionDate "2023.06.01"]
[SourceQuality "1"]

1. Nf3 c5 2. c4 g6 3. e4 Bg7 4. d4 cxd4 5. Nxd4 Nc6 6. Be3 Nf6 7. Nc3 d6 8. Be2
O-O 9. O-O Bd7 10. Qd2 a6 11. f3 Nxd4 12. Bxd4 Bc6 13. b4 Qb8 14. Rfc1 h5 15.
Rc2 a5 16. b5 Bd7 17. Nd5 Nxd5 18. cxd5 Rc8 19. Rac1 Rxc2 20. Rxc2 Bxd4+ 21.
Qxd4 Qd8 22. b6 Rc8 23. Rxc8 Qxc8 24. Qc4 Qxc4 25. Bxc4 g5 26. Kf2 Kg7 27. Ke3
h4 28. Ba6 Bc8 29. Bb5 f5 30. g3 hxg3 31. hxg3 Kf6 32. Bc6 Ke5 33. Kd3 Kf6 34.
g4 fxg4 35. fxg4 Ke5 36. Ke3 e6 37. a3 a4 38. dxe6 Kxe6 39. Bxa4 d5 40. Bb3 Kd6
41. Bxd5 Kc5 42. Kf3 Kxb6 43. e5 Kc5 44. Bf7 b6 45. Bg6 Kd4 46. Bf5 Bb7+ 47.
Ke2 1/2-1/2

[Event "Central London Open"]
[Site "London"]
[Date "2022.11.06"]
[Round "5.3"]
[White "Farrand, Tom"]
[Black "Onslow, Alfie"]
[Result "1-0"]
[WhiteElo "2137"]
[BlackElo "2115"]
[PlyCount "65"]
[EventDate "2022.11.04"]
[EventType "swiss"]
[EventRounds "5"]
[EventCountry "ENG"]
[SourceTitle "BritBase"]
[Source "John Saunders"]
[SourceDate "2023.06.01"]
[SourceVersion "1"]
[SourceVersionDate "2023.06.01"]
[SourceQuality "1"]

1. c4 e5 2. g3 Nf6 3. Bg2 d5 4. cxd5 Nxd5 5. Nc3 Nb6 6. Nf3 Nc6 7. O-O Be7 8.
d3 O-O 9. a3 Re8 10. b4 Bf8 11. Bb2 Nd4 12. Nxd4 exd4 13. Nb5 Bg4 14. Nxd4 c6
15. h3 Bh5 16. Qc2 Qd7 17. Rfe1 a5 18. Qb3 axb4 19. axb4 Rxa1 20. Bxa1 Qd6 21.
b5 Qb4 22. Qxb4 Bxb4 23. Rb1 c5 24. g4 Bg6 25. Bxb7 Bd2 26. Bc6 Rd8 27. Nf5 f6
28. Ne7+ Kf7 29. Nxg6 hxg6 30. Rb2 Bb4 31. Ra2 Rb8 32. Ra7+ Kf8 33. g5 1-0

[Event "Central London Open"]
[Site "London"]
[Date "2022.11.06"]
[Round "5.4"]
[White "Briggs, John Nicholas"]
[Black "Wilks, Simon"]
[Result "1/2-1/2"]
[WhiteElo "2010"]
[BlackElo "2061"]
[PlyCount "61"]
[EventDate "2022.11.04"]
[EventType "swiss"]
[EventRounds "5"]
[EventCountry "ENG"]
[SourceTitle "BritBase"]
[Source "John Saunders"]
[SourceDate "2023.06.01"]
[SourceVersion "1"]
[SourceVersionDate "2023.06.01"]
[SourceQuality "1"]

1. d4 Nf6 2. c4 e6 3. Nf3 d5 4. g3 Be7 5. Bg2 O-O 6. O-O dxc4 7. Qa4 a6 8. Qxc4
b5 9. Qc2 Bb7 10. Bg5 Nbd7 11. Rd1 h6 12. Bxf6 Nxf6 13. Nbd2 Rc8 14. Nb3 Be4
15. Qc1 c6 16. Nc5 Bxc5 17. Qxc5 Nd7 18. Qa3 a5 19. Qe3 Bd5 20. Ne1 Qb6 21. Nd3
Bxg2 22. Kxg2 c5 23. dxc5 Nxc5 24. Nxc5 Rxc5 25. Rac1 Qc6+ 26. f3 Rc2 27. Rxc2
Qxc2 28. Rd2 Qc6 29. Qd4 Rc8 30. Kf2 Qc5 31. Qxc5 1/2-1/2